| 000 -LEADER |
| fixed length control field |
00526cam a2200169Ia 4500 |
| 020 ## - INTERNATIONAL STANDARD BOOK NUMBER |
| ISBN |
9711040743 |
| 040 ## - CATALOGING SOURCE |
| Transcribing agency |
UIU |
| 082 ## - DEWEY DECIMAL CLASSIFICATION NUMBER |
| Classification number |
633 ISN 1983 A052 Or. |
| 245 10 - TITLE STATEMENT |
| Title |
Proceedings of the Conference on Weed Control in Rice, 31 August-4 September 1981 / |
| 260 ## - PUBLICATION, DISTRIBUTION, ETC. (IMPRINT) |
| Place of publication |
Los Ba©łos, Laguna, Philippines : |
| Name of publisher |
The Institute, |
| Year of publication |
1983 |
| 300 ## - PHYSICAL DESCRIPTION |
| Number of Pages |
422 p. : |
| Other physical details |
ill., maps ; |
| Dimensions |
23 cm |
| 650 #0 - SUBJECT ADDED ENTRY--TOPICAL TERM |
| Topical Term |
Rice |
| 650 #0 - SUBJECT ADDED ENTRY--TOPICAL TERM |
| Topical Term |
Rice |
| 710 2# - ADDED ENTRY--CORPORATE NAME |
| Corporate name or jurisdiction name as entry element |
International Rice Research Institute |
| 710 2# - ADDED ENTRY--CORPORATE NAME |
| Corporate name or jurisdiction name as entry element |
International Weed Science Society |
| 942 ## - ADDED ENTRY ELEMENTS (KOHA) |
| Koha item type |
សៀវភៅភាសាអង់គ្លេស |
| 952 ## - LOCATION AND ITEM INFORMATION (KOHA) |
| Withdrawn status [LOCAL, KOHA] |
0 |